Fast Typing B - Statistics

General Stats
  • This quiz has been taken 818 times
  • The average score is 192 of 400
Answer Stats
B % Correct
b
99%
b
98%
b
98%
b
98%
b
98%
b
98%
b
98%
b
97%
b
97%
b
97%
b
96%
b
96%
b
95%
b
95%
b
95%
b
95%
b
95%
b
95%
b
94%
b
94%
b
94%
b
94%
b
94%
b
94%
b
94%
b
94%
b
94%
b
94%
b
94%
b
94%
b
94%
b
94%
b
93%
b
93%
b
93%
b
93%
b
93%
b
93%
b
93%
b
92%
b
92%
b
92%
b
92%
b
92%
b
92%
b
92%
b
92%
b
92%
b
92%
b
92%
b
92%
b
92%
b
92%
b
92%
b
91%
b
91%
b
91%
b
91%
b
91%
b
91%
b
90%
b
90%
b
90%
b
90%
b
90%
b
90%
b
89%
b
89%
b
88%
b
88%
b
88%
b
88%
b
87%
b
87%
b
87%
b
86%
b
85%
b
85%
b
84%
b
83%
b
81%
b
80%
b
80%
b
78%
b
78%
b
77%
b
77%
b
77%
b
75%
b
75%
b
74%
b
73%
b
73%
b
72%
b
71%
b
70%
b
70%
b
69%
b
67%
b
67%
b
64%
b
61%
b
59%
b
58%
b
57%
b
56%
b
56%
b
55%
b
54%
b
54%
b
52%
b
51%
b
50%
b
50%
b
49%
b
48%
b
48%
b
47%
b
45%
b
45%
b
45%
b
44%
b
43%
b
43%
b
43%
b
42%
b
42%
b
42%
b
42%
b
42%
b
41%
b
41%
b
41%
b
41%
b
41%
b
40%
b
40%
b
40%
b
40%
b
40%
b
39%
b
39%
b
39%
b
39%
b
38%
b
38%
b
38%
b
38%
b
38%
b
38%
b
38%
b
38%
b
38%
b
38%
b
38%
b
38%
b
38%
b
38%
b
38%
b
38%
b
38%
b
38%
b
38%
b
38%
b
38%
b
38%
b
38%
b
38%
b
38%
b
38%
b
38%
b
38%
b
38%
b
37%
b
37%
b
37%
b
37%
b
37%
b
37%
b
37%
b
37%
b
37%
b
37%
b
37%
b
37%
b
37%
b
37%
b
37%
b
37%
b
37%
b
37%
b
37%
b
37%
b
37%
b
37%
b
37%
b
37%
b
37%
b
37%
b
37%
b
37%
b
37%
b
37%
b
37%
b
37%
b
37%
b
37%
b
37%
b
37%
b
37%
b
37%
b
37%
b
37%
b
37%
b
37%
b
37%
b
37%
b
37%
b
37%
b
37%
b
37%
b
37%
b
37%
b
37%
b
37%
b
37%
b
37%
b
37%
b
37%
b
37%
b
37%
b
37%
b
37%
b
37%
b
37%
b
37%
b
37%
b
37%
b
37%
b
37%
b
37%
b
37%
b
37%
b
37%
b
37%
b
37%
b
37%
b
37%
b
37%
b
37%
b
37%
b
37%
b
37%
b
36%
b
36%
b
36%
b
36%
b
36%
b
36%
b
36%
b
36%
b
36%
b
36%
b
36%
b
36%
b
36%
b
35%
b
35%
b
35%
b
35%
b
35%
b
35%
b
35%
b
35%
b
34%
b
34%
b
34%
b
34%
b
34%
b
33%
b
33%
b
33%
b
33%
b
33%
b
33%
b
33%
b
32%
b
31%
b
31%
b
31%
b
31%
b
31%
b
31%
b
31%
b
31%
b
30%
b
29%
b
29%
b
29%
b
29%
b
29%
b
29%
b
29%
b
29%
b
29%
b
29%
b
29%
b
29%
b
29%
b
29%
b
29%
b
29%
b
29%
b
29%
b
29%
b
29%
b
29%
b
29%
b
29%
b
29%
b
29%
b
29%
b
29%
b
29%
b
29%
b
28%
b
28%
b
28%
b
28%
b
28%
b
28%
b
28%
b
28%
b
28%
b
28%
b
28%
b
28%
b
28%
b
28%
b
28%
b
28%
b
28%
b
28%
b
28%
b
28%
b
28%
b
28%
b
27%
b
27%
b
27%
b
27%
b
27%
b
27%
b
26%
b
26%
b
26%
b
26%
b
26%
b
26%
b
26%
b
26%
b
26%
b
26%
b
26%
b
26%
b
26%
b
26%
b
26%
b
26%
b
26%
b
25%
b
25%
b
25%
b
24%
b
24%
b
24%
b
24%
b
24%
b
24%
b
24%
b
24%
b
23%
b
23%
b
23%
b
23%
b
23%
b
23%
b
23%
b
23%
b
23%
b
23%
b
23%
b
22%
b
22%
b
22%
b
21%
b
21%
b
21%
b
21%
b
21%
No matching quizzes found
Score Distribution
Percent of People with Each Score
Percentile by Number Answered
Your Score History
You have not taken this quiz